00955nam a2200205Ia 4500003000400000005001700004008004100021020001800062040002100080041000800101082002500109100003700134245009600171260004000267300005200307504003800359505027000397650004100667650004100708OSt20200707145641.0191128s2016 cl ad fr 000 0 spa d a9789211219227 aCO-JMCRcCO-JMCR0 aspa04a336.38 /bA681s 2231 aArenas de Mesa, Alberto, eautor10aSostenibilidad fiscal y reformas tributarias en América Latina / cAlberto Arenas de Mesa aSantiago de Chile : bCepal, c2016 a260 páginas : bgráficos a color ; c22 cm. aBibliografía: páginas 251-2600 aEl desafío de la sostenibilidad fiscal en América Latina -- Reformas tributarias en América Latina: el foco en la equidad tributaria -- La reforma tributaria de Chile en 2014: un pacto fiscal para enfrentar la desigualdad -- Desafíos de la política fiscal14aPolítica fiscalzAmérica Latina 14aReforma tributariazAmérica Latina